00493nam a22001937a 450000500170000001000110001702000100002803500110003803700160004904000120006508200110007710000220008824500660011026000370017627000350021330000230024865000150027165000130028620170124110121.0 a755214 c00.00 a755214 bCen Lib/Ret aDPLbEN aSbKIP aKipling, Rudyard  aJust so stories :cby Rudyard Kipling bfor little children / bMacmillan and Co.c1952aLondon  bLondon ast. martin's street,  av, 228p.c21cm(Hb) aliterature aStories